000
00262nam a2200109Ia 4500
008
200302s9999 xx 000 0 und d
100
_a
James Horton
245
_a
An Introduction to Drawing
260
_b
Dorlling Kindersley Book
260
_c
1994
300
_a
72 P.,
999
_c
967
_d
967